Word Ladder: House Stark Quiz Stats

 Plays Quiz Updated Apr 7, 2018

Challenge
Share
Tweet
Embed
Score 0/46 Timer 06:00
0 Plays Today
Clue 4-Letter Word % Correct
Lacking speedSLOW
93.6%
Length x width for a rectangleAREA
92.7%
Greek god of warARES
91.7%
Sturdy footwearBOOT
91.4%
Bell-shaped fruitPEAR
91.3%
Top of a mountainPEAK
91.3%
¤ Bastard's name for Northerners; Jon ¤¤¤ SNOW ¤¤
91.1%
Defeat in a contestBEAT
91%
Water transportationBOAT
90.9%
TerrorFEAR
90.8%
MucusSNOT
90.8%
Used by a server to carry ordersTRAY
90.6%
To make or prepare; as in beerBREW
90.4%
Black powder created during combustionSOOT
90.2%
Garbanzo, pinto, black, e.g.BEAN
90.2%
Became largerGREW
90.2%
The lower part of an earLOBE
90.1%
Fill a suitcasePACK
89.9%
SolitaryLONE
89.3%
GustBLOW
89.3%
Great accomplishmentFEAT
89.2%
¤ Stark child who was crippled ¤¤¤ BRAN ¤¤
89%
Forehead areaBROW
88.7%
Clue 4-Letter Word % Correct
Rosé or Chardonnay, e.g.WINE
88.4%
To be withoutLACK
88.1%
Sound effect of a donkeyBRAY
88.1%
A quarter of a bushelPECK
87.4%
Hair prepping toolCOMB
87.2%
Organization of male studentsFRAT
86.9%
Shape of a dunce capCONE
86.7%
French word for 'very'TRÈS
86.6%
Co-creator of 'South Park' ParkerTREY
86.1%
'___ Back Little Sheba'COME
85.6%
Narrow pathwayLANE
84.8%
A motion pictureCINE
83.8%
US salad with bacon, hard-boiled egg, and chickenCOBB
82.7%
Gown or dressROBE
81.8%
FrillyLACY
81.3%
¤ Stark child name 'King in the North' ¤¤¤ ROBB ¤¤
79.2%
¤ Sansa Stark's direwolf ¤¤¤ LADY ¤¤
75.4%
To load as on a cargo shipLADE
72.7%
A battle or skirmishFRAY
68%
¤ With Rung 46; [Rung 39]'s direwolf ¤¤¤ GREY ¤¤
66.5%
¤ Lord who hosted the Red Wedding ¤¤¤ FREY ¤¤
64.9%
¤ Stark child nicknamed 'Horseface' ¤¤¤ ARYA ¤¤
59%
¤ With Rung 21; [Rung 39]'s direwolf ¤¤¤ WIND ¤¤
49.2%

Today's Daily Dose

Missing Word
No Snow!

Word Ladder
Wild Cats

On This Day
December 16th II

You're not logged in!

Compare scores with friends on all Sporcle quizzes.
OR
Log In

You Might Also Like...

Show Comments

Extras

Top Quizzes Today


Score Distribution

Your Account Isn't Verified!

In order to create a playlist on Sporcle, you need to verify the email address you used during registration. Go to your Sporcle Settings to finish the process.

Report this User

Report this user for behavior that violates our Community Guidelines.

Details: